UBT Library

Current controversies in neurosurgery / (Record no. 47254)

000 -LEADER
fixed length control field 00599cam a2200229 i 4500
001 - CONTROL NUMBER
control field 1744280
005 - DATE AND TIME OF LATEST TRANSACTION
control field 20180822073223.0
008 - FIXED-LENGTH DATA ELEMENTS--GENERAL INFORMATION
fixed length control field 760618s1976 paua b 001 0 eng
010 ## - LIBRARY OF CONGRESS CONTROL NUMBER
LC control number 75021149
020 ## - INTERNATIONAL STANDARD BOOK NUMBER
International Standard Book Number 0721665578
040 ## - CATALOGING SOURCE
Original cataloging agency DLC
Transcribing agency DLC
Modifying agency DLC
041 ## - LANGUAGE CODE
Language code of text/sound track or separate title eng
060 ## - NATIONAL LIBRARY OF MEDICINE CALL NUMBER
Classification number WL368 C976
080 ## - UNIVERSAL DECIMAL CLASSIFICATION NUMBER
Universal Decimal Classification number 617.48
082 00 - DEWEY DECIMAL CLASSIFICATION NUMBER
Classification number 617.48
100 ## - Rafti
Rafti 7
101 ## - Shkurtesa
Shkurtesa NEU
245 00 - TITLE STATEMENT
Title Current controversies in neurosurgery /
Statement of responsibility, etc edited by T. P. Morley.
504 ## - BIBLIOGRAPHY, ETC. NOTE
Bibliography, etc Includes bibliographical references and index.
906 ## - LOCAL DATA ELEMENT F, LDF (RLIN)
a 7
b cbc
c orignew
d 1
e ocip
f 19
g y-gencatlg
942 ## - ADDED ENTRY ELEMENTS (KOHA)
Source of classification or shelving scheme
Item type Books
Holdings
Withdrawn status Lost status Source of classification or shelving scheme Damaged status Not for loan Collection code Permanent location Current location Shelving location Date acquired Total Checkouts Full call number Barcode Date last seen Price effective from Koha item type
          Koleksioni i përgjithshem UBT - Lipjan UBT - Lipjan Koleksioni i përgjithshem 08/22/2018   617.48 MOR 002-3011316 08/22/2018 08/22/2018 Books
UBT Library © 2015-2024. All rights reserved University Education for Business and Technology